Reversible systems

Αποθηκεύτηκε σε:
Λεπτομέρειες βιβλιογραφικής εγγραφής
Κύριος συγγραφέας: Sevryuk, M. B.
Μορφή: Βιβλίο
Γλώσσα:English
Δημοσίευση: Berlin : Springer-Verlag, c1986
Σειρά:Lecture notes in mathematics (Springer-Verlag) ; 1211
Θέματα:
Ετικέτες: Προσθήκη ετικέτας
Δεν υπάρχουν, Καταχωρήστε ετικέτα πρώτοι!

MARC

LEADER 00000nam a2200000 i 4500
001 1/64170
008 941103s1986 eng d
020 |a 3-540-16819-2 
035 |a 1993  |l 10046919 
040 |a GR-MY-UA  |b gre  |e aacr 
041 0 |a eng 
082 0 |a 515.352 
100 1 |a Sevryuk, M. B. 
245 1 0 |a Reversible systems /  |c M.B. Sevryuk 
260 |a Berlin :   |b Springer-Verlag,   |c c1986 
300 |a 319 p.;  |c 25 cm. 
490 1 |a Lecture notes in mathematics (Springer-Verlag)  |v ; 1211 
500 |a Includes bibliographical references and index 
650 0 0 |a Differentiable dynamical systems. 
650 0 0 |a Diffeomorphisms. 
650 0 0 |a Vector analysis. 
830 0 |a Lecture notes in mathematics (Springer-Verlag)  |v ; 1211 
852 |a INST  |b SAMOS  |e 19941103  |h 515.352 SEV  |p 005300007941  |q 005300007941  |t BK  |y 0 
909 |a Σ  |b 029062